Guess the Fusion Rock Song Lyrics #290 - Statistics

General Stats
  • This quiz has been taken 14 times
  • The average score is 103 of 150
Answer Stats
Answer % Correct
And
100%
and
100%
the
92%
to
92%
get
83%
have
83%
in
83%
it
83%
that
83%
you
83%
know
75%
right
75%
up
75%
We
75%
gonna
67%
got
67%
here
67%
it's
67%
out
67%
together
67%
We're
67%
air
58%
something
58%
there's
58%
Because
50%
now
50%
or
50%
Call
42%
our
42%
way
42%
later
33%
revolution's
33%
sooner
33%
instigators
25%
through
25%
Thunderclap Newman
25%
houses
17%
ammo
8%
arms
8%
blast
8%
Hand
8%
Lock
8%
streets
0%
No matching quizzes found
Score Distribution
Percent of People with Each Score
Percentile by Number Answered
Your Score History
You have not taken this quiz